[Event "?"]
[Site "?"]
[Date "2011.06.02"]
[Round "1.1"]
[White "Gheng, Christian"]
[Black "Pelezki, Sergej"]
[Result "0-1"]
[WhiteElo "1679"]
[BlackElo "1897"]
[PlyCount "42"]
[EventDate "2011.??.??"]

1. e4 e5 2. Nf3 Nc6 3. Bb5 a6 4. Ba4 Nf6 5. O-O Be7 6. Re1 b5 7. Bb3 O-O 8. c3
d5 9. exd5 Nxd5 10. h3 e4 11. Rxe4 Bf5 12. Ne5 Bxe4 13. Nxc6 Qd6 14. Qe2 Rae8
15. d3 Qxc6 16. dxe4 Bd6 17. c4 Nf6 18. Nc3 Nxe4 19. cxb5 Nxc3 20. bxc6 Rxe2
21. bxc3 Re1# 0-1

[Event "?"]
[Site "?"]
[Date "2011.06.02"]
[Round "1.2"]
[White "Haug, Siegmund"]
[Black "Tsybulevsky, Jury"]
[Result "1-0"]
[WhiteElo "1894"]
[BlackElo "1674"]
[PlyCount "51"]
[EventDate "2011.??.??"]

1. d4 Nf6 2. Nf3 d6 3. Bg5 e6 4. Nbd2 Be7 5. e4 Nbd7 6. Bd3 h6 7. Bh4 c5 8. c3
e5 9. O-O a6 10. Nc4 b5 11. dxe5 dxe5 12. Ncxe5 Qc7 13. Nxd7 Bxd7 14. Bg3 Qb6
15. Qe2 Nh5 16. e5 Nxg3 17. hxg3 Bg4 18. Qe4 Bxf3 19. gxf3 Rd8 20. Rad1 g6 21.
f4 Qe6 22. f5 gxf5 23. Qxf5 Qxa2 24. Ra1 Qd5 25. Be4 Qb3 26. Rxa6 1-0

[Event "?"]
[Site "?"]
[Date "2011.06.02"]
[Round "1.3"]
[White "Schiller, Anna-Katharina"]
[Black "Muench, Werner"]
[Result "1/2-1/2"]
[WhiteElo "1653"]
[BlackElo "1884"]
[PlyCount "36"]
[EventDate "2011.??.??"]

1. e4 c5 2. Nf3 Nc6 3. d4 cxd4 4. Nxd4 e5 5. Nxc6 bxc6 6. Nc3 Nf6 7. Bc4 d6 8.
O-O Be7 9. Qe2 O-O 10. Rd1 Qc7 11. Be3 Kh8 12. f3 Nd7 13. g4 Nb6 14. Bb3 a5 15.
Qf2 Rb8 16. Qf1 Ra8 17. Qf2 Rb8 18. Qf1 Ra8 1/2-1/2

[Event "?"]
[Site "?"]
[Date "2011.06.02"]
[Round "1.4"]
[White "Schömbs, Oliver"]
[Black "Trobonjaca, Milos"]
[Result "1-0"]
[WhiteElo "1884"]
[BlackElo "1647"]
[PlyCount "55"]
[EventDate "2011.??.??"]

1. d4 f5 2. e4 d6 3. Nc3 Nf6 4. Bd3 e6 5. Qe2 Be7 6. Bg5 O-O 7. h4 c6 8. O-O-O
b5 9. exf5 b4 10. Nb1 Nd5 11. fxe6 Bxg5+ 12. hxg5 Qxg5+ 13. Nd2 h6 14. Qe4 Nf6
15. Qe2 Re8 16. Nh3 Qa5 17. Nf4 Qxa2 18. e7 Qa1+ 19. Nb1 Bd7 20. Nh5 Nxh5 21.
Rxh5 a5 22. Re1 a4 23. Qe4 a3 24. Qh7+ Kf7 25. Qg6+ Kg8 26. Rxh6 Qxb2+ 27. Kd2
Qxd4 28. Rh8+ 1-0

[Event "?"]
[Site "?"]
[Date "2011.06.02"]
[Round "1.5"]
[White "Schreiber, Winfried"]
[Black "Paschmann, Stefan"]
[Result "0-1"]
[WhiteElo "1646"]
[BlackElo "1873"]
[PlyCount "92"]
[EventDate "2011.??.??"]

1. c4 c6 2. Nc3 d5 3. cxd5 cxd5 4. d4 Nc6 5. Nf3 Nf6 6. g3 e6 7. Bg2 Be7 8. O-O
O-O 9. Re1 Bb4 10. a3 Ba5 11. b4 Bc7 12. Bb2 Ne4 13. e3 f5 14. Nxe4 fxe4 15.
Ne5 Bxe5 16. dxe5 Qg5 17. Rc1 Rf7 18. f4 exf3 19. Bxf3 Nxe5 20. Bxe5 Qxe5 21.
Kg2 Qb2+ 22. Rc2 Qxa3 23. Qc1 Qxc1 24. Rexc1 Bd7 25. Rc7 Bc6 26. R7xc6 bxc6 27.
Rxc6 Raf8 28. Bg4 Rf2+ 29. Kh3 Rd8 30. Bxe6+ Kf8 31. Rc5 Re2 32. Rxd5 Rxd5 33.
Bxd5 Rxe3 34. b5 Re5 35. Bc6 Rc5 36. Kg4 a6 37. Be4 h5+ 38. Kf4 axb5 39. Ke3
Ke7 40. h3 Rc3+ 41. Bd3 b4 42. Kd4 Kf6 43. h4 Rxd3+ 44. Kxd3 Kf5 45. Kc4 Kg4
46. Kxb4 Kxg3 0-1

[Event "?"]
[Site "?"]
[Date "2011.06.02"]
[Round "1.6"]
[White "Riegel, Frank"]
[Black "Grüneschild, Hildegard"]
[Result "1-0"]
[WhiteElo "1872"]
[BlackElo "1645"]
[PlyCount "47"]
[EventDate "2011.??.??"]

1. e4 c5 2. c4 e6 3. Nc3 Nc6 4. g3 Nf6 5. Bg2 d6 6. d3 a6 7. Nge2 Be7 8. O-O
O-O 9. f4 Qc7 10. h3 Bd7 11. g4 Nd4 12. Be3 Nxe2+ 13. Qxe2 Rac8 14. Rf2 b5 15.
g5 Ne8 16. f5 b4 17. Nb1 f6 18. g6 exf5 19. exf5 Bc6 20. Qh5 h6 21. Bxc6 Qxc6
22. Bxh6 d5 23. Bxg7 dxc4 24. Qh7# 1-0

[Event "?"]
[Site "?"]
[Date "2011.06.02"]
[Round "1.7"]
[White "Steimbach, Isabel"]
[Black "Michna, Marcus"]
[Result "1/2-1/2"]
[WhiteElo "1556"]
[BlackElo "1869"]
[PlyCount "30"]
[EventDate "2011.??.??"]

1. e4 c5 2. c3 b6 3. d4 Bb7 4. f3 e6 5. Bd3 Nf6 6. Be3 Be7 7. Nd2 O-O 8. Ne2 d6
9. O-O Nbd7 10. Rc1 Rc8 11. Re1 h6 12. Bf2 g5 13. h3 Kg7 14. Bb1 Rh8 15. Ng3 h5
1/2-1/2

[Event "?"]
[Site "?"]
[Date "2011.06.02"]
[Round "1.8"]
[White "Ellinger, Harald"]
[Black "Aleman, Tilman"]
[Result "1-0"]
[WhiteElo "1854"]
[BlackElo "1629"]
[PlyCount "103"]
[EventDate "2011.??.??"]

1. Nf3 Nc6 2. d4 d5 3. e3 Nf6 4. c4 e6 5. a3 Bd6 6. Nc3 O-O 7. Qc2 Bd7 8. Bd3
Rc8 9. c5 Be7 10. b4 a5 11. b5 Na7 12. Ne5 h6 13. O-O Ne4 14. Nxd7 Qxd7 15.
Nxe4 dxe4 16. Bxe4 Rb8 17. a4 b6 18. Ba3 c6 19. cxb6 Rxb6 20. Bxe7 Qxe7 21.
bxc6 Nxc6 22. Qc5 Qxc5 23. dxc5 Ra6 24. Bd3 Ra7 25. Bb5 Rc7 26. Rfd1 Na7 27.
Rac1 Rb8 28. Ba6 Nc6 29. Kf1 Na7 30. Ke2 Rb4 31. Rd4 Rb2+ 32. Kf3 Nc6 33. Rdd1
Rb4 34. Bb5 Na7 35. Rd8+ Kh7 36. Bd3+ g6 37. Rd4 Rb8 38. Ke2 Rb2+ 39. Kf3 Nc6
40. Rd6 Rb4 41. Bb5 Na7 42. Rb6 Nxb5 43. axb5 a4 44. c6 a3 45. Ra1 Rb3 46. Ke4
Kg7 47. Kd4 Ra7 48. Ra6 Rb4+ 49. Kc3 Ra4 50. Rxa7 Rxa7 51. b6 Ra6 52. c7 1-0

[Event "?"]
[Site "?"]
[Date "2011.06.02"]
[Round "1.9"]
[White "Ziegler, Michael"]
[Black "Pudmensky, Stefan"]
[Result "0-1"]
[WhiteElo "1626"]
[BlackElo "1853"]
[PlyCount "112"]
[EventDate "2011.??.??"]

1. e4 c5 2. Nf3 d6 3. Bb5+ Nc6 4. d4 cxd4 5. Nxd4 Bd7 6. O-O Nf6 7. Nc3 e6 8.
a3 Be7 9. Be3 O-O 10. Kh1 Nxd4 11. Bxd4 Bxb5 12. Nxb5 Nxe4 13. Qg4 Nf6 14. Qg3
e5 15. Be3 Ne4 16. Qf3 f5 17. Qe2 a6 18. f3 axb5 19. fxe4 f4 20. Bg1 Qd7 21.
Rf3 b4 22. Qc4+ Kh8 23. Qxb4 Ra4 24. Qe1 Qc6 25. b4 Rc8 26. c3 b5 27. Rd3 Rca8
28. Rd5 Rxa3 29. Rc1 Qc4 30. Qd1 Qxe4 31. Rxb5 Ra2 32. Qg4 h6 33. Qf3 Qe2 34.
Qxe2 Rxe2 35. Ra5 Rxa5 36. bxa5 Ra2 37. Bb6 e4 38. Kg1 Bf6 39. c4 e3 40. c5
dxc5 41. Bxc5 Rxa5 42. Bb4 Ra1 43. Rxa1 Bxa1 44. Kf1 Kh7 45. Ke2 Kg6 46. Kf3
Kf5 47. h3 g5 48. Bf8 h5 49. Bc5 g4+ 50. hxg4+ hxg4+ 51. Ke2 Ke4 52. Bb4 f3+
53. gxf3+ gxf3+ 54. Kf1 Kd3 55. Be1 e2+ 56. Kf2 Bc3 0-1

[Event "?"]
[Site "?"]
[Date "2011.06.02"]
[Round "1.10"]
[White "Winkler, Tim"]
[Black "Brunki, Alexander"]
[Result "1-0"]
[WhiteElo "1814"]
[BlackElo "1622"]
[PlyCount "41"]
[EventDate "2011.??.??"]

1. e4 e6 2. d4 d5 3. exd5 exd5 4. Bd3 Bd6 5. Nf3 Ne7 6. O-O Bf5 7. Re1 O-O 8.
Be3 Nd7 9. c3 c6 10. Qc2 Bxd3 11. Qxd3 Ng6 12. Nbd2 Qc7 13. c4 dxc4 14. Nxc4
Bf4 15. g3 Bxe3 16. Rxe3 Rfe8 17. Rae1 Rxe3 18. Rxe3 Nf6 19. Nfe5 Nxe5 20. dxe5
Rd8 21. exf6 1-0

[Event "?"]
[Site "?"]
[Date "2011.06.02"]
[Round "1.11"]
[White "Krebs, Thomas"]
[Black "Rieder, Josef"]
[Result "0-1"]
[WhiteElo "1621"]
[BlackElo "1851"]
[PlyCount "52"]
[EventDate "2011.??.??"]

1. d4 d5 2. c4 c6 3. e3 Nf6 4. Nc3 Bf5 5. Nf3 e6 6. cxd5 exd5 7. Be2 Bd6 8. O-O
Nbd7 9. Bd2 O-O 10. Rc1 Rc8 11. Qb3 b5 12. a3 a5 13. Qd1 Re8 14. Nh4 Be6 15.
Nf3 Nb6 16. Bd3 Bg4 17. h3 Bh5 18. Be2 h6 19. Re1 Bb8 20. g3 Nc4 21. Bxc4 bxc4
22. Kg2 Ne4 23. g4 Bg6 24. Re2 Nxc3 25. Bxc3 Be4 26. Rd2 Qh4 0-1

[Event "?"]
[Site "?"]
[Date "2011.06.02"]
[Round "1.13"]
[White "Steinmassl, Guido"]
[Black "Rühl, Volker"]
[Result "0-1"]
[WhiteElo "1615"]
[BlackElo "1837"]
[PlyCount "86"]
[EventDate "2011.??.??"]

1. d4 Nf6 2. c4 c5 3. d5 b5 4. Nf3 bxc4 5. Nc3 g6 6. e4 d6 7. Nd2 Bg7 8. Bxc4
O-O 9. O-O Ba6 10. f4 Qc8 11. Qe2 Nfd7 12. Nf3 Bxc4 13. Qxc4 Na6 14. Na4 Rb8
15. a3 Qb7 16. Re1 Nc7 17. Rb1 Nb5 18. Bd2 Nd4 19. Nxd4 Bxd4+ 20. Kh1 Qb5 21.
Qxb5 Rxb5 22. b4 Rfb8 23. Bc3 a5 24. Bxd4 cxd4 25. Rb3 axb4 26. axb4 Rxb4 27.
Rxb4 Rxb4 28. Ra1 Nf6 29. e5 Nxd5 30. exd6 exd6 31. g3 Kf8 32. Ra3 Ke7 33. Kg1
Kd7 34. Kf2 Kc6 35. Ra2 Kb5 36. Ke2 Rxa4 37. Rxa4 Kxa4 38. Kd3 Kb5 39. Kxd4 Kc6
40. h3 f5 41. g4 Nc7 42. gxf5 gxf5 43. Kc4 Ne6 0-1

[Event "?"]
[Site "?"]
[Date "2011.06.02"]
[Round "1.14"]
[White "Ostertag, Stephan"]
[Black "Wurm, Frank"]
[Result "1-0"]
[WhiteElo "1835"]
[BlackElo "1614"]
[PlyCount "49"]
[EventDate "2011.??.??"]

1. e4 e5 2. Nf3 Nf6 3. Bc4 Nc6 4. O-O Be7 5. Re1 O-O 6. c3 h6 7. d4 d6 8. Nbd2
b6 9. Bb3 Nd7 10. Nf1 exd4 11. cxd4 Bf6 12. Ng3 Bb7 13. a3 Rb8 14. Qd3 Re8 15.
Bc2 Nf8 16. Nh5 Qe7 17. h3 Rbd8 18. b4 Ng6 19. Bb3 Nb8 20. Ng3 c5 21. e5 dxe5
22. Qxg6 cxd4 23. Nf5 Kf8 24. Qh7 g6 25. Bxh6+ 1-0

[Event "?"]
[Site "?"]
[Date "2011.06.02"]
[Round "1.15"]
[White "Awiszus, Thomas"]
[Black "Pocrnic, Josip"]
[Result "1/2-1/2"]
[WhiteElo "1613"]
[BlackElo "1824"]
[PlyCount "75"]
[EventDate "2011.??.??"]

1. Nf3 Nf6 2. c4 e6 3. g3 g6 4. Bg2 Bg7 5. O-O d5 6. cxd5 Nxd5 7. Nc3 O-O 8. e4
Nb6 9. d4 Nc6 10. Bg5 Qd7 11. Ne2 h6 12. Be3 Nc4 13. Rb1 Nd6 14. Ne1 Rb8 15. d5
exd5 16. exd5 Ne5 17. Qc1 Kh7 18. Nc3 b6 19. Nf3 Nxf3+ 20. Bxf3 Ba6 21. Rd1 Qf5
22. Bg2 Bd3 23. Ra1 Rbc8 24. g4 Qxg4 25. Rxd3 Nf5 26. Bd2 Be5 27. Ne4 Nh4 28.
Rg3 Qf5 29. Re3 Nxg2 30. Kxg2 Rfe8 31. Ng3 Bxg3 32. hxg3 Qxd5+ 33. Kg1 c5 34.
Rxe8 Rxe8 35. Bxh6 Re5 36. g4 g5 37. Bf8 Kg8 38. Bxc5 1/2-1/2

[Event "?"]
[Site "?"]
[Date "2011.06.02"]
[Round "1.16"]
[White "Pelezki, Jurij"]
[Black "Schmidt, Tobias"]
[Result "0-1"]
[WhiteElo "1822"]
[BlackElo "1580"]
[PlyCount "154"]
[EventDate "2011.??.??"]

1. Nf3 d5 2. d4 Nf6 3. g3 e6 4. Nbd2 c5 5. b3 b6 6. Bb2 Nbd7 7. Bg2 Bb7 8. O-O
Be7 9. Rc1 O-O 10. c4 Rc8 11. Re1 Re8 12. cxd5 Bxd5 13. e4 Bb7 14. e5 Nd5 15.
Ne4 Rc7 16. Qd2 h6 17. Qd3 Nb4 18. Qb1 Bxe4 19. Rxe4 cxd4 20. Rxd4 Rxc1+ 21.
Bxc1 Nc6 22. Re4 Qc7 23. Bb2 Rd8 24. Qc1 Nc5 25. Rg4 h5 26. Rc4 Qd7 27. Ne1 Nb8
28. Rd4 Qc7 29. Rc4 Qd7 30. Bf3 g6 31. b4 Nca6 32. a3 Qd2 33. Qb1 Qd7 34. Nc2
Rc8 35. Rd4 Qc7 36. Ne3 Rd8 37. Qe4 Rxd4 38. Qxd4 Qd7 39. Qc4 Qc7 40. Qb5 Qd7
41. Qe2 Nc7 42. Qc4 Nca6 43. Bc3 Qc7 44. Qd3 Qd7 45. Qe2 Nc7 46. Be4 Nb5 47.
Bb2 Nd4 48. Qd3 Nf3+ 49. Kh1 Qxd3 50. Bxd3 Nd7 51. Bc3 Nfxe5 52. Bb5 Bf6 53. f4
Ng4 54. Nxg4 hxg4 55. Bd2 Nb8 56. Be2 Bb2 57. a4 f5 58. a5 Bd4 59. Bb5 Kf7 60.
a6 Ke7 61. Bc4 Nd7 62. Kg2 Nf6 63. b5 Ne4 64. Bb4+ Bc5 65. Be1 Kd6 66. Kf1 Bd4
67. Bb4+ Bc5 68. Be1 g5 69. Kg2 gxf4 70. gxf4 Be3 71. Bg3 Nf6 72. Kf1 Nd5 73.
Ke2 Bxf4 74. Bxf4+ Nxf4+ 75. Ke3 Nd5+ 76. Kf2 Kc5 77. Bf1 Nc7 0-1

[Event "?"]
[Site "?"]
[Date "2011.06.02"]
[Round "1.17"]
[White "Malcan, Oener"]
[Black "Drapchin, Marc"]
[Result "1-0"]
[WhiteElo "1601"]
[BlackElo "1820"]
[PlyCount "50"]
[EventDate "2011.??.??"]

1. Nf3 Nf6 2. c4 Nc6 3. d4 e6 4. Nc3 Bb4 5. Bg5 h6 6. Bh4 d6 7. h3 g5 8. Bg3
Ne4 9. Qc2 Bxc3+ 10. bxc3 Nxg3 11. fxg3 Qf6 12. e4 e5 13. Rd1 g4 14. hxg4 Bxg4
15. Qf2 O-O-O 16. d5 Ne7 17. Qxa7 Bxf3 18. Qf2 b6 19. gxf3 Rdg8 20. Bh3+ Kb7
21. Rb1 Ra8 22. Rb2 Ra5 23. Kf1 Rha8 24. Kg2 Rc5 25. Rb4 Qg5 {
Rest unvollstaendig/unleserlich, 1:0 46. Zug} 1-0

[Event "?"]
[Site "?"]
[Date "2011.06.02"]
[Round "1.18"]
[White "Weigel, Curt"]
[Black "Pfeilsticker, Thorsten"]
[Result "0-1"]
[WhiteElo "1810"]
[BlackElo "1595"]
[PlyCount "26"]
[EventDate "2011.??.??"]

1. c4 Nf6 2. Nc3 e6 3. e4 Bb4 4. Nge2 c5 5. a3 Bxc3 6. Nxc3 Nc6 7. b4 cxb4 8.
axb4 Nxb4 9. Ba3 Nc6 10. Nb5 Nxe4 11. Qg4 Qf6 12. Ra2 Qe5 13. Qxe4 Qxe4+ 0-1

[Event "?"]
[Site "?"]
[Date "2011.06.02"]
[Round "1.19"]
[White "Gorb, Eugeniusz"]
[Black "Aab, Manfred"]
[Result "1/2-1/2"]
[WhiteElo "1592"]
[BlackElo "1809"]
[PlyCount "64"]
[EventDate "2011.??.??"]

1. e4 e5 2. Nf3 Nc6 3. Bc4 f5 4. d4 fxe4 5. Nxe5 Nxe5 6. dxe5 Qe7 7. Qd4 d6 8.
Qxe4 Nf6 9. Bb5+ Kd8 10. Qe2 Qxe5 11. Qxe5 dxe5 12. O-O c6 13. Bc4 h6 14. Nc3
Bf5 15. Bb3 Kc7 16. Be3 Bb4 17. Rad1 Bxc3 18. bxc3 a5 19. a4 Rad8 20. c4 Rd7
21. Rxd7+ Nxd7 22. Bd2 b6 23. Bc3 g5 24. f4 gxf4 25. Rxf4 exf4 26. Bxh8 Kd6 27.
Bb2 Nc5 28. Ba3 Ke5 29. Bxc5 bxc5 30. c3 Bb1 31. Kf2 Be4 32. Ke2 h5 1/2-1/2

[Event "?"]
[Site "?"]
[Date "2011.06.02"]
[Round "1.20"]
[White "Reichardt, Bernd"]
[Black "Sigmund, Wolfgang"]
[Result "0-1"]
[WhiteElo "1803"]
[BlackElo "1586"]
[PlyCount "165"]
[EventDate "2011.??.??"]

1. Nf3 d5 2. c4 c6 3. e3 Nf6 4. Nc3 Bf5 5. Be2 e6 6. Qb3 Qb6 7. Qxb6 axb6 8.
Ne5 Nbd7 9. Nxd7 Kxd7 10. f4 Bc5 11. d4 Bb4 12. O-O Bxc3 13. bxc3 dxc4 14. Bxc4
b5 15. Bb3 Nd5 16. Bd2 Nf6 17. Rfc1 Bd3 18. h3 Ne4 19. Be1 Bc4 20. Bc2 Bd5 21.
Bxe4 Bxe4 22. c4 bxc4 23. Rxc4 Bd5 24. Rb4 b5 25. a4 Rhc8 26. Bc3 h5 27. a5 Ra6
28. Rb2 g6 29. Bb4 Rg8 30. Rf2 f5 31. Kh2 g5 32. fxg5 Rxg5 33. g3 Be4 34. Rf4
Bd3 35. Rg1 Ra8 36. Kg2 Bc2 37. Kf3 Rag8 38. Kf2 Bd3 39. a6 Ra8 40. Ra1 Bc2 41.
a7 Ba4 42. Bc5 Bc2 43. Rg1 b4 44. d5 b3 45. dxe6+ Kxe6 46. Rb4 Rgg8 47. Rb7 Kd5
48. Ba3 c5 49. Rd7+ Kc6 50. Rf7 Rgd8 51. g4 hxg4 52. hxg4 Rd7 53. Rxd7 Kxd7 54.
gxf5 Bxf5 55. Ke2 Kc6 56. Rg7 Bd7 57. Kd2 Rxa7 58. Bb2 Ra8 59. Kc3 Be6 60. Rg6
Kd6 61. Rg5 Rh8 62. Rg3 Rh2 63. Ba3 Rc2+ 64. Kd3 Ra2 65. Bxc5+ Kxc5 66. Rg5+
Kd6 67. Rb5 Rc2 68. Rb6+ Rc6 69. Rb7 Kc5 70. Kc3 Rb6 71. Rc7+ Kd6 72. Rg7 b2
73. Rg1 b1=Q 74. Rxb1 Rxb1 75. Kd4 Rb4+ 76. Kc3 Kc5 77. Kd3 Bf5+ 78. Kd2 Kc4
79. Ke2 Bg4+ 80. Kf2 Kd3 81. Kg3 Re4 82. Kh4 Kxe3 83. Kg5 0-1

[Event "?"]
[Site "?"]
[Date "2011.06.02"]
[Round "1.21"]
[White "Zeitler, Waldemar"]
[Black "Bried, Martin"]
[Result "0-1"]
[WhiteElo "1585"]
[BlackElo "1798"]
[PlyCount "104"]
[EventDate "2011.??.??"]

1. d4 e6 2. Nc3 Nf6 3. f4 d5 4. Nf3 c5 5. e3 Nc6 6. Bb5 a6 7. Bxc6+ bxc6 8. Ne5
Qc7 9. O-O cxd4 10. exd4 Bd6 11. Ne2 O-O 12. c3 c5 13. Ng3 cxd4 14. cxd4 Nd7
15. Kh1 f6 16. Nd3 a5 17. Bd2 Ba6 18. Bc3 Bxd3 19. Qxd3 Bxf4 20. Rae1 Bxg3 21.
hxg3 Rfe8 22. Rf4 f5 23. Rh4 Nf6 24. Re2 Ne4 25. Be1 Rac8 26. Rf4 Qc4 27. Rf3
a4 28. a3 Rc6 29. Kh2 Qxd3 30. Rxd3 Rec8 31. b4 axb3 32. Rxb3 Rc4 33. Rb4 Rxb4
34. axb4 Kf7 35. Rb2 Rb8 36. b5 Nd6 37. g4 Rxb5 38. Rxb5 Nxb5 39. gxf5 exf5 40.
Bf2 g5 41. g3 h5 42. Kg2 g4 43. Kf1 Kf6 44. Ke2 Nc3+ 45. Kd3 Ne4 46. Be1 Kg5
47. Ke2 f4 48. gxf4+ Kf5 49. Ke3 g3 50. Kf3 h4 51. Ba5 h3 52. Be1 g2 0-1

[Event "?"]
[Site "?"]
[Date "2011.06.02"]
[Round "1.22"]
[White "Buzan, Raffael"]
[Black "Samietz, Jannick"]
[Result "1/2-1/2"]
[WhiteElo "1793"]
[BlackElo "1581"]
[PlyCount "91"]
[EventDate "2011.??.??"]

1. d4 Nf6 2. c4 g6 3. Nc3 Bg7 4. e4 d6 5. Nf3 O-O 6. Be2 Nc6 7. O-O e5 8. d5
Ne7 9. b4 Nd7 10. Qb3 f5 11. Ng5 Nf6 12. f3 h6 13. Ne6 Bxe6 14. dxe6 f4 15. a4
Kh8 16. Ba3 Nc6 17. Nd5 Nd4 18. Qd3 Nxe6 19. c5 dxc5 20. bxc5 c6 21. Nxf6 Bxf6
22. Qxd8 Rfxd8 23. Rfd1 Nd4 24. Bd3 Rd7 25. Kf2 Rad8 26. Bc4 Nc2 27. Rxd7 Rxd7
28. Ra2 Nxa3 29. Rxa3 Be7 30. Rd3 Rxd3 31. Bxd3 Bxc5+ 32. Ke2 Kg7 33. Bc4 Kf6
34. Kf1 a6 35. g4 b5 36. Bb3 Bd4 37. h4 c5 38. axb5 axb5 39. Bd5 g5 40. h5 Ke7
41. Ke2 c4 42. Bc6 b4 43. Bd5 c3 44. Kd3 Kd6 45. Bb3 Kc5 46. Ba4 1/2-1/2

[Event "?"]
[Site "?"]
[Date "2011.06.02"]
[Round "1.23"]
[White "Kuhn, Magnus"]
[Black "Zaytsev, Evgeny"]
[Result "0-1"]
[WhiteElo "1579"]
[BlackElo "1791"]
[PlyCount "66"]
[EventDate "2011.??.??"]

1. e4 e5 2. Nf3 Nc6 3. Bb5 a6 4. Ba4 Nf6 5. O-O Be7 6. Re1 b5 7. Bb3 O-O 8. c3
d6 9. h3 Na5 10. Bc2 c5 11. d4 Qc7 12. a4 Bd7 13. Nbd2 Rfc8 14. d5 c4 15. Nf1
Rab8 16. Ng3 b4 17. Qe2 h6 18. Nh2 bxc3 19. bxc3 Nb3 20. Bxb3 Rxb3 21. Qf3 Qa5
22. Re2 Rxc3 23. Bd2 Rxf3 24. Bxa5 Rb3 25. Rc2 g6 26. Rac1 Bxa4 27. Rxc4 Rxc4
28. Rxc4 Rb1+ 29. Nhf1 Bb5 30. Rc8+ Kg7 31. f3 Nh5 32. Kf2 Bh4 33. Be1 Bxf1 0-1

[Event "?"]
[Site "?"]
[Date "2011.06.02"]
[Round "1.25"]
[White "Häfele, Torsten"]
[Black "Mayer, Dietmar"]
[Result "1-0"]
[WhiteElo "1574"]
[BlackElo "1785"]
[PlyCount "81"]
[EventDate "2011.??.??"]

1. e4 d5 2. exd5 Nf6 3. Nc3 Nxd5 4. Nxd5 Qxd5 5. d4 Nc6 6. c3 e5 7. dxe5 Qxd1+
8. Kxd1 Nxe5 9. f3 Bf5 10. Be3 O-O-O+ 11. Ke1 Kb8 12. Rd1 Be7 13. Rxd8+ Rxd8
14. Be2 Bb1 15. f4 Nd3+ 16. Bxd3 Rxd3 17. Ke2 Rd5 18. a3 Bd3+ 19. Kf2 c5 20.
Nf3 c4 21. Re1 Bc5 22. Bxc5 Rxc5 23. Re8+ Rc8 24. Rxc8+ Kxc8 25. Ne5 Bf5 26.
Nxc4 Be6 27. Nd6+ Kc7 28. Ne8+ Kc6 29. Nxg7 Kd5 30. Ke3 Kc4 31. Nxe6 fxe6 32.
Kd2 h5 33. g3 a5 34. Kc2 a4 35. h3 b6 36. g4 hxg4 37. hxg4 Kd5 38. Kd3 e5 39.
c4+ Ke6 40. f5+ Kf6 41. Ke4 1-0

[Event "?"]
[Site "?"]
[Date "2011.06.02"]
[Round "1.26"]
[White "Ruff, Robert"]
[Black "Stoll, Katja"]
[Result "1-0"]
[WhiteElo "1785"]
[BlackElo "1564"]
[PlyCount "117"]
[EventDate "2011.??.??"]

1. d4 d5 2. c4 c6 3. Nf3 Nf6 4. Nc3 e6 5. Bg5 h6 6. Bh4 Be7 7. e3 Nbd7 8. Qc2
O-O 9. cxd5 exd5 10. Bd3 Re8 11. O-O Ne4 12. Bxe7 Qxe7 13. Rab1 Ndf6 14. b4
Nxc3 15. Qxc3 Ne4 16. Qc2 Bd7 17. b5 c5 18. a4 b6 19. Ne5 cxd4 20. exd4 Rac8
21. Nc6 Qg5 22. Rbe1 Bh3 23. f4 Qg6 24. Re3 Bd7 25. Bxe4 dxe4 26. d5 a5 27. Qc3
Qd6 28. Rg3 f6 29. Qb3 Qc5+ 30. Kh1 e3 31. Re1 e2 32. Qf3 Qc2 33. h3 Qxa4 34.
d6 Bxc6 35. bxc6 Qxc6 36. Qg4 g5 37. d7 Rcd8 38. dxe8=Q+ Rxe8 39. Rxe2 Rxe2 40.
Qxe2 Qc1+ 41. Kh2 Qxf4 42. Qf3 Qd6 43. Kg1 Qd4+ 44. Kf1 Qa1+ 45. Ke2 Qb2+ 46.
Ke1 Qa1+ 47. Kf2 Qd4+ 48. Qe3 Qb2+ 49. Kf3 Kf7 50. Rg4 Qb5 51. Re4 Qc6 52. Kf2
Qc2+ 53. Qe2 Qc5+ 54. Kf1 Qf5+ 55. Ke1 Kg6 56. g4 Qc5 57. Qd3 Kf7 58. Qd7+ Kg6
59. Qe8+ 1-0

[Event "?"]
[Site "?"]
[Date "2011.06.02"]
[Round "1.27"]
[White "Tansek, Branko"]
[Black "Hahn, Martin"]
[Result "1-0"]
[WhiteElo "1560"]
[BlackElo "1783"]
[PlyCount "55"]
[EventDate "2011.??.??"]

1. d4 Nf6 2. Nd2 d5 3. Ngf3 c6 4. e3 Bf5 5. c4 e6 6. a3 Bd6 7. c5 Bc7 8. b4
Nbd7 9. Qb3 O-O 10. Bd3 Bxd3 11. Qxd3 e5 12. dxe5 Nxe5 13. Qc2 Qe7 14. Bb2 Ng6
15. O-O Ne4 16. Rad1 f5 17. Rfe1 Rae8 18. Nd4 Bxh2+ 19. Kf1 Nxf2 20. Kxf2 f4
21. exf4 Qh4+ 22. Kf1 Rxe1+ 23. Rxe1 Bxf4 24. N2f3 Qh1+ 25. Kf2 Qh5 26. Ne6
Bg3+ 27. Kxg3 Qh4+ 28. Nxh4 1-0

[Event "?"]
[Site "?"]
[Date "2011.06.02"]
[Round "1.28"]
[White "Büchele, Markus"]
[Black "Fischer, Mark"]
[Result "1-0"]
[WhiteElo "1783"]
[BlackElo "1552"]
[PlyCount "127"]
[EventDate "2011.??.??"]

1. d4 Nf6 2. Nf3 g6 3. Bg5 Bg7 4. Nbd2 d6 5. e4 Nc6 6. c3 Bd7 7. Be2 e5 8. dxe5
Nxe5 9. O-O O-O 10. Nd4 Qe8 11. Qc2 a6 12. Rad1 Nc6 13. f4 Rc8 14. Bd3 Nxd4 15.
cxd4 Bb5 16. f5 Qc6 17. Qxc6 Bxc6 18. fxg6 fxg6 19. Nf3 Nd7 20. Bc4+ Kh8 21.
Be6 Rce8 22. d5 Nc5 23. dxc6 Nxe6 24. cxb7 Rb8 25. b3 Rxb7 26. Be3 Rbb8 27. Rc1
Rbe8 28. Rc6 a5 29. Rfc1 Rf7 30. Ra6 Nf4 31. Bxf4 Rxf4 32. Rxc7 Rfxe4 33. Rc1
Bh6 34. Rd1 Be3+ 35. Kf1 Bc5 36. Re1 Rxe1+ 37. Nxe1 Rf8+ 38. Nf3 Bb4 39. Ke2
Rc8 40. Nd4 Kg8 41. Nc6 Kf8 42. Nxb4 axb4 43. Rxd6 Rc2+ 44. Rd2 Rc7 45. g4 g5
46. Kf3 Kf7 47. Ke4 Ke6 48. Rd4 Rf7 49. Ke3 Rb7 50. Rc4 Kd5 51. Kf2 Rb6 52. Rc7
h6 53. Rc4 Rf6+ 54. Kg3 Rb6 55. h4 Rb7 56. hxg5 hxg5 57. Kf2 Rb6 58. Ke3 Re6+
59. Kd3 Rb6 60. Rc8 Ra6 61. Rg8 Rxa2 62. Rxg5+ Kc6 63. Kc4 Ra7 64. Rg6+ 1-0

[Event "?"]
[Site "?"]
[Date "2011.06.02"]
[Round "1.29"]
[White "Kruck, Mathias"]
[Black "Sibahn, Mirko"]
[Result "0-1"]
[WhiteElo "1545"]
[BlackElo "1779"]
[PlyCount "114"]
[EventDate "2011.??.??"]

1. c4 e6 2. Nf3 d5 3. e3 c5 4. d4 Nc6 5. Nc3 Nf6 6. a3 Be7 7. g3 O-O 8. cxd5
exd5 9. Bg2 Bf5 10. O-O Rc8 11. Re1 Ne4 12. Nd2 cxd4 13. exd4 Nf6 14. Nf3 Ne4
15. Be3 Na5 16. Bd2 Nc4 17. Bc1 Nxb2 18. Bxb2 Nxc3 19. Bxc3 Rxc3 20. Re3 Rxe3
21. fxe3 Re8 22. Qb3 Bg5 23. Nxg5 Qxg5 24. Rf1 g6 25. Rf4 Qe7 26. Kf2 Be4 27.
Bxe4 dxe4 28. Qd5 b6 29. a4 Kg7 30. h4 f5 31. h5 Rc8 32. Qb3 Qf7 33. d5 Rc5 34.
hxg6 hxg6 35. Qb2+ Kf8 36. Qh8+ Ke7 37. Qe5+ Kd7 38. g4 Rxd5 39. Qb8 Ke6 40.
gxf5+ Rxf5 41. Qc8+ Kd5 42. Qd8+ Kc6 43. Qc8+ Kd6 44. Qd8+ Qd7 45. Qb8+ Qc7 46.
Qxc7+ Kxc7 47. Kg3 Kd6 48. Rxe4 Re5 49. Rd4+ Kc5 50. Kf4 Rh5 51. Kg4 Rd5 52.
Re4 Kd6 53. Rf4 Ke6 54. Re4+ Re5 55. Kf4 Rxe4+ 56. Kxe4 g5 57. Kf3 Kf5 0-1

[Event "?"]
[Site "?"]
[Date "2011.06.02"]
[Round "1.30"]
[White "Tölg, Wolfgang"]
[Black "Weis, Olga"]
[Result "1-0"]
[WhiteElo "1776"]
[BlackElo "1541"]
[PlyCount "79"]
[EventDate "2011.??.??"]

1. e4 c6 2. d4 d5 3. e5 Bf5 4. Bd3 Bg6 5. f4 e6 6. Nf3 Ne7 7. Nh4 Bxd3 8. Qxd3
Ng6 9. Nxg6 hxg6 10. Nd2 Qh4+ 11. g3 Qh3 12. Nf3 Be7 13. b3 Nd7 14. Bb2 O-O-O
15. O-O-O Qg4 16. Nd2 Rh7 17. Qf3 Qh3 18. Qe2 Rdh8 19. Nf3 Qf5 20. h4 Qg4 21.
Qf2 c5 22. Ba3 b6 23. Rhg1 Bf8 24. Ng5 Rh5 25. Nxf7 cxd4 26. Bxf8 Rxf8 27. Nd6+
Kb8 28. Qxd4 Rhh8 29. Qa4 Nc5 30. Qb5 Kc7 31. b4 a6 32. Qf1 Nd7 33. Qxa6 Kd8
34. c4 Qf3 35. Qb5 Qc3+ 36. Kb1 dxc4 37. Nb7+ Kc8 38. Qxd7+ Kb8 39. Nd6 Qxb4+
40. Kc2 1-0

[Event "?"]
[Site "?"]
[Date "2011.06.02"]
[Round "1.31"]
[White "Issaad, Pascal"]
[Black "Uhlarz, Jörg"]
[Result "0-1"]
[WhiteElo "1540"]
[BlackElo "1775"]
[PlyCount "52"]
[EventDate "2011.??.??"]

1. d3 e5 2. f4 Nc6 3. Nf3 d6 4. g3 Nf6 5. Bg2 Be7 6. Nc3 O-O 7. O-O Bd7 8. e4
Bg4 9. h3 Bxf3 10. Bxf3 exf4 11. Bxf4 Nd7 12. Be3 Bg5 13. Bf2 f5 14. exf5 Rxf5
15. Ne4 Bf6 16. d4 Nb4 17. Bg2 d5 18. Nc5 Nxc5 19. dxc5 c6 20. c3 Na6 21. Qb3
Rxf2 22. Kxf2 Nxc5 23. Qc2 Qb6 24. Ke2 Ne4 25. Rf3 Re8 26. Raf1 Nf2+ 0-1